Sports Quiz

Random Sports or Country Quiz

WTA top 100 2016 Quiz Stats

 Plays Quiz not verified by Sporcle

Challenge
Share
Tweet
Embed
Score 0/100 Timer 13:00
0 Plays Today
Country % Correct
1.USASerena Williams
98.8%
12.USAVenus Williams
98.2%
7.RUSMaria Sharapova
93.6%
10.ITARoberta Vinci
93%
15.BLRVictoria Azarenka
93%
2.GERAngelique Kerber
91.8%
3.POLAgnieszka Radwanska
91.8%
5.ROUSimona Halep
91.2%
9.CZEPetra Kvitova
91.2%
4.ESPGarbine Muguruza
90.6%
16.SRBAna Ivanovic
90.6%
22.DENCaroline Wozniacki
90.6%
6.ESPSuarez Navarro
90.1%
8.SUIBelinda Bencic
88.9%
17.ITASara Errani
88.9%
28.AUSSamantha Stosur
88.9%
11.ITAFlavia Pennetta
88.3%
21.SRBJelena Jankovic
87.7%
25.USAMadison Keys
87.1%
27.GBRJohanna Konta
86.5%
23.USASloane Stephens
86%
13.CZELucie Safarova
85.4%
52.CANEugenie Bouchard
85.4%
18.RUSSvetlana Kuznetsova
84.2%
31.GERSabine Lisicki
83%
20.CZEKarolina Pliskova
82.5%
14.SUITimea Bacsinszky
81.9%
29.FRAKristina Mladenovic
81.9%
19.UKRElina Svitolina
81.3%
40.FRAAlize Cornet
80.7%
84.GBRHeather Watson
80.7%
63.CHNSaisai Zheng
80.1%
24.GERAndrea Petkovic
79.5%
38.FRACaroline Garcia
79.5%
Country % Correct
65.PURMonica Puig
79.5%
57.SVKDominika Cibulkova
78.9%
45.HUNTimea Babos
77.8%
36.ROUIrina Begu
77.2%
44.ITACamila Giorgi
77.2%
70.CHNShuai Zhang
76.6%
64.SWEJohanna Larsson
75.4%
32.RUSEkaterina Makarova
74.9%
41.LATJelena Ostapenko
74.9%
54.JPNMisaki Doi
74.9%
26.RUSAnastasia Pavlyuchenkova
74.3%
33.AUSDaria Gavrilova
73.7%
56.GERJulia Goerges
73.7%
37.CZEBarbora Strycova
73.1%
48.BELYanina Wickmayer
73.1%
73.BELKirsten Flipkens
73.1%
34.ROUMonica Niculescu
71.3%
72.KAZYaroslava Shvedova
71.3%
42.GERAnnika Beck
68.4%
49.BRATeliana Pereira
67.3%
35.UKRLesia Tsurenko
66.7%
39.USACoco Vandeweghe
66.7%
82.JPNKurumi Nara
66.7%
66.ITAKarin Knapp
66.1%
30.SVKAnna Schmiedlova
65.5%
50.MNEDanka Kovinic
65.5%
61.USAChristina McHale
63.2%
68.UKRKateryna Bondarenko
63.2%
69.TPESu Hsieh
63.2%
97.ITAFrancesca Schiavone
62%
53.GERMona Barthel
60.2%
89.RUSElena Vesnina
59.6%
46.RUSDaria Kasatkina
59.1%
60.GERAnna Friedsam
59.1%
Country % Correct
55.KAZYulia Putintseva
57.9%
79.GERLaura Siegemund
56.7%
98.USALauren Davis
56.7%
71.CROMirjana Lucic-Baroni
56.1%
75.CROAna Konjuh
56.1%
96.GBRNaomi Broady
56.1%
91.ESTAnett Kontaveit
55%
95.KAZZarina Diyas
55%
92.USAAlison Riske
54.4%
58.USAMadison Brengle
53.8%
94.CRODonna Vekic
53.8%
67.ROUAlexandra Dulgheru
53.2%
51.USAVarvara Lepchenko
52%
59.JPNNao Hibino
52%
74.COLMariana Duque-Marino
51.5%
85.USABethanie Mattek-Sands
51.5%
86.SRBBojana Jovanovski
51.5%
88.SVKMagdalena Rybarikova
50.3%
43.RUSMargarita Gasparyan
49.7%
81.SLOPolona Hercog
48.5%
76.CZELucie Hradecka
48%
93.LATAnastasija Sevastova
46.8%
47.BELAlison Van Uytvanck
45.6%
62.CZEDenisa Allertova
45.6%
78.ESPLara Arruabarrena
45%
83.BLROlga Govortsova
45%
90.GERTatjana Maria
43.3%
77.GERCarina Witthoeft
41.5%
99.CHNQiang Wang
40.4%
100.CROAjla Tomljanovic
39.2%
80.USAIrina Falconi
36.8%
87.RUSElizaveta Kulichkova
17%

You're not logged in!

Compare scores with friends on all Sporcle quizzes.
Join for Free
OR
Log In

You Might Also Like...

Show Comments

Extras

Created Mar 3, 2016ReportFavoriteNominate
Tags:Country Quiz, 100, 2016, wta

Top Quizzes Today


Score Distribution

Your Account Isn't Verified!

In order to create a playlist on Sporcle, you need to verify the email address you used during registration. Go to your Sporcle Settings to finish the process.

Report this User

Report this user for behavior that violates our Community Guidelines.

Details: